000 00498nam a2200205Ia 4500
003 OSt
005 20230505090326.0
008 210423s1998 xx 000 0 und d
020 _a-
040 _cAL
041 _aeng
082 _a574.19245 ANGR
100 _aANGELETTI (Ruth Hogue),Ed.
_998347
245 _aProteins analysis and design.
260 _aUSA
_bAcademic Press
_c1998
300 _axi,362
_bPB
365 _cINR
906 _aanalysis ; design. ; Proteins
942 _2ddc
_cBK
999 _c163302
_d163302